000 00502nam a2200169Ia 4500
008 240729s9999 xx 000 0 und d
022 _a2090-6714
245 0 _aCase Reports in Oncological Medicine
260 _aUnited Kingdom
260 _bHindawi Limited
650 _a Internal medicine
650 _a Neoplasms. Tumors. Oncology. Including cancer and carcinogens
650 _aMedicine
856 _uhttps://doaj.org/toc/dcec3ea175a146538eb60bbab9c1b5d5
942 _2ddc
942 _cDOAJEJ
999 _c71661
_d71661
945 _a1
_bMadushi Gamage
_c1
_dMadushi Gamage